000 01458nam0a22002891 4500
001 v19\rc\1386450
005 20260407123310.0
035 _a(NLR Aleph) 005221712
090 _a5512037
_c5512036
100 _a20060512d18701870|||y0rusy50 ca
101 0 _arus
102 _aRU
105 _ay z |||||
200 1 _aАрхеологическая поездка в Туркестанский край в 1867 году
_eИзвлеч. из Отчета, представл. Имп. Археол. комис.
_f[Соч.] П. Лерха
210 _aСанкт-Петербург
_cтип. Имп. Акад. наук
_d1870
215 _a[2], X, 40 с.
_d35
488 0 _12001#$aОтчет, представленный Императорской Археологической комиссии
_tОтчет, представленный Императорской Археологической комиссии
700 1 _4070
_7ca
_8rus
_aЛерх
_bП. И.
_cвостоковед
_f1827-1884
_gПетр Иванович
_92650824
_3RU\NLR\AUTH\770278857
711 0 2 _aИмператорская археологическая комиссия
_cПетербург
_9647110
_3RU\NLR\AUTH\8810072551
801 0 _aRU
_bNLR
_c20060512
_gpsbo
801 0 _aRU
_bRuMoRGB
_c20060512
_2psbo
801 1 _aRU
_bProSoft-M
_c20060512
_2rusmarc
801 2 _aRU
_bNLR
_c20100428
_2rusmarc
852 _aNLR
_j18.126.1.328
852 _aNLR
_bМф
_jК1/3029
942 _cBOOK
980 _aNB